000 01191nam0a22003131 4500
001 rc\3246557
005 20160519110648.0
021 _aRU
_b74-85654
021 _aRU
_bРг12710-74
035 _a(NLR Aleph) 007378704
090 _a6484421
_c6484421
100 _a20130115d1974 |||y0rusy50 ca
101 1 _arus
_cger
102 _aRU
105 _ay z |||a|
200 1 _aКолумб, или Под парусами истории
_eПьеса в 2 д.
_fПер. с нем. Кортиков А.С., Рожновский С.В.
_gОтв. ред. В. Шеховцев
_gБюро распространения драм. произведений и информ.-рекламных материалов ВААП
210 _aМосква
_cБ. и.
_d1974
215 _a67 л.
_d28
517 0 _aПод парусами истории
700 1 _aХакс
_bП.
_f1928-2003
_gПетер
_3RU\NLR\AUTH\770155390
702 1 _aРожновский
_bС. В.
_4730
702 1 _aШеховцев
_bВ.
_4340
702 1 _aКортиков
_bА. С.
_4730
801 0 _aRU
_bNLR
_gpsbo
801 1 _aRU
_bELAR
_2rusmarc
852 _aNLR
_j74-8/960
942 _cBOOK
980 _aNB